Pharmacolog:y:Basics And Clinical Aspects (Record no. 216348)

MARC details
000 -LEADER
fixed length control field 00503nam a22001817a 4500
008 - FIXED-LENGTH DATA ELEMENTS--GENERAL INFORMATION
fixed length control field 251210b |||||||| |||| 00| 0 eng d
020 ## - INTERNATIONAL STANDARD BOOK NUMBER
International Standard Book Number 978-81`-7371-694-2
050 ## - LIBRARY OF CONGRESS CALL NUMBER
Classification number RM. 300 .K38 2011
Item number 1
100 ## - MAIN ENTRY--PERSONAL NAME
Personal name Kaushik, Mrinal
245 ## - TITLE STATEMENT
Title Pharmacolog:y:Basics And Clinical Aspects
260 ## - PUBLICATION, DISTRIBUTION, ETC.
Place of publication, distribution, etc. India
Name of publisher, distributor, etc. Univeristy Press India
Date of publication, distribution, etc. 2011
300 ## - PHYSICAL DESCRIPTION
Extent 1-744p.
500 ## - GENERAL NOTE
General note it has Bibliographic data
650 ## - SUBJECT ADDED ENTRY
Topical term or geographic name entry element Pharmacology
700 ## - ADDED ENTRY--PERSONAL NAME
Personal name Kaushik Mrinal
942 ## - ADDED ENTRY ELEMENTS (KOHA)
Source of classification or shelving scheme Library of Congress Classification
Koha item type Long Loan Book
Holdings
Withdrawn status Lost status Source of classification or shelving scheme Damaged status Not for loan Collection Home library Current library Shelving location Date acquired Inventory number Total checkouts Full call number Barcode Date last seen Copy number Price effective from Koha item type
    Library of Congress Classification     Medicine Kisii University Library Kisii University Library On Display 12/10/2025 110554   RM,300 .K38 2011 000000002826 12/10/2025 C.1 12/10/2025 Long Loan Book
    Library of Congress Classification     Medicine Kisii University Library Kisii University Library On Display 12/10/2025 110554   RM,300 .K38 2011 000000002829 12/10/2025 C.2 12/10/2025 Long Loan Book
    Library of Congress Classification     Medicine Kisii University Library Kisii University Library On Display 12/10/2025 110555   RM,300 .K38 2011 000000002828 12/10/2025 C.3 12/10/2025 Long Loan Book
    Library of Congress Classification     Medicine Kisii University Library Kisii University Library On Display 12/10/2025 110556   RM,300 .K38 2011 000000002827 12/10/2025 C.4 12/10/2025 Long Loan Book
    Library of Congress Classification     Medicine Kisii University Library Kisii University Library On Display 12/10/2025 110557   RM,300 .K38 2011 000000024806 12/10/2025 C.5 12/10/2025 Long Loan Book
    Library of Congress Classification     Medicine Kisii University Library Kisii University Library On Display 12/10/2025 110558   RM,300 .K38 2011 000000024805 12/10/2025 C.6 12/10/2025 Long Loan Book
    Library of Congress Classification     Medicine Kisii University Library Kisii University Library On Display 12/10/2025 110559   RM,300 .K38 2011 000000024804 12/10/2025 C.7 12/10/2025 Long Loan Book
    Library of Congress Classification     Medicine Kisii University Library Kisii University Library On Display 12/10/2025 110560   RM,300 .K38 2011 000000001292 12/10/2025 C.8 12/10/2025 Long Loan Book